01775 2200637 4500001002100000005001500021008004100036020002200077035002000099082000800119084001400127245002100141250000600162260003100168300003000199520043800229650001400667990001200681990001200693990001200705990001200717990001200729990001200741990001200753990001200765990001200777990001200789990001200801990001200813990001200825990001200837990001200849990001200861990001200873990001200885990001200897990001200909990001200921990001200933990001200945990001200957990001200969990001200981990001200993990001201005990001201017990001201029990001201041990001201053990001201065990001201077990001201089990001201101990001201113990001201125INLIS00000000000000820240430025828240430 0 ind  a978-602-434-920-2 a0010-0324000008 a420 a420 SAR b aBupena English X a1 aJakarta :bErlangga,c2018 a176 hlm. ;c21 cm x 26 cm aMerupakan buku kerja berbasis aktivitas yang digunakan sebagai pendamping buku sekolah elektronik (BSE) yang diterbitkan oleh pemerintah. Buku ini membantu guru menilai aspek pengetahuan, keterampilan, dan sikap siswa selama proses pembelajaran. Selain itu, buku ini menggunakan penilaian autentik di mana kegiatan dilengkapi dengan rubrik penilaian, yang mengukur kompetensi siswa dan sejauh mana siswa mencapai tujuan pembelajaran. 4aNon Fiksi a0739057 a0739058 a0739059 a0739060 a0739061 a0739062 a0739063 a0739064 a0739065 a0739066 a0739067 a0739068 a0739069 a0739070 a0739071 a0739072 a0739073 a0739074 a0739075 a0739076 a0739077 a0739078 a0739079 a0739080 a0739081 a0739082 a0739083 a0739084 a0739085 a0739086 a0739087 a0739088 a0739089 a0739090 a0739091 a0739092 a0739093 a0739094